FIFA World Cup 1986 Players II - Statistics

General Stats
  • This quiz has been taken 11 times
  • The average score is 82 of 410
Answer Stats
Hint Answer % Correct
France, 6 Alain Giresse
80%
Italy, 4/4 Alessandro Altobelli
80%
Soviet Union, 2 Andrey Bal
80%
Brazil, 5/5 Antonio de Oliveira Filho "CARECA"
80%
Argentina, 7/5 Diego Maradona
80%
Belgium, 7/2 Enzo Scifo
80%
Belgium, 6 Eric Gerets
80%
England, 5/6 Gary Lineker
80%
Italy, 4 Giovanni Galli
80%
Italy, 3 Giuseppe Bergomi
80%
Mexico, 4/1 Hugo Sanchez
80%
France, 4/2 Jean?Pierre Papin
80%
England, 0(1) John Barnes
80%
Argentina, 7/2 Jorge Burruchaga
80%
Argentina, 7/4 Jorge Valdano
80%
Argentina, 7/1 Jose Luis Brown
80%
West Germany, 7/1 Lothar Matthäus
80%
Brazil, 3(2) Luis Antonio Correa da Costa "MÜLLER"
80%
France, 6/1 Luis Fernandez
80%
France, 6(1) Maxime Bossis
80%
France, 6/2 Michel Platini
80%
West Germany, 7 Norbert Eder
80%
France, 7 Patrick Battiston
80%
England, 3(1)/1 Peter Beardsley
80%
England, 5 Peter Shilton
80%
Paraguay, 4 Roberto Fernandez
80%
Brazil, 5/2 SOCRATES Brasileiro Sampaio Vieira de Oliveira
80%
West Germany, 6 Thomas Berthold
80%
West Germany, 5/1 Andreas Brehme
60%
Italy, 4 Antonio Cabrini
60%
Brazil, 0(3) Arthur Antunes Coimbra "ZICO"
60%
France, 1/1 Bernard Genghini
60%
Italy, 4 Bruno Conti
60%
England, 2 Bryan Robson
60%
South Korea, 3 Cha Bum?kun
60%
France, 3(1)/1 Dominique Rocheteau
60%
Spain, 5/5 Emilio BUTRAGUENO
60%
Portugal, 3 FERNANDO Mendes Soares GOMES
60%
Belgium, 6/1 Frankie Vercauteren
60%
Belgium, 2(1) Franky Van der Elst
60%
Italy, 1 Fulvio Collovati
60%
Italy, 4 Gaetano Scirea
60%
Italy, 1(2) Giuseppe Baresi
60%
West Germany, 6 Hans?Peter Briegel
60%
West Germany, 7 Harald Schumacher
60%
Belgium, 7/3 Jan Ceulemans
60%
Belgium, 7 Jean?Marie Pfaff
60%
France, 7/1 Jean Tigana
60%
France, 6 Joël Bats
60%
Argentina, 3(4) Julio Olarticoechea
60%
West Germany, 7 Karlheinz Förster
60%
West Germany, 4(3)/1 Karl?Heinz Rummenigge
60%
West Germany, 2 Klaus Augenthaler
60%
Belgium, 0(4) Leo Van der Elst
60%
France, 7/1 Manuel Amoros
60%
Denmark, 4/1 Michael Laudrup
60%
Spain, 5 Miguel Gonzalez "MICHEL"
60%
Argentina, 7 Nery Pumpido
60%
Soviet Union, 1(1)/1 Oleg Blokhin
60%
Brazil, 0(2) Paulo Roberto FALCAO
60%
West Germany, 1(4) Pierre Littbarski
60%
West Germany, 4(2)/3 Rudi Völler
60%
England, 5 Terry Butcher
60%
Scotland, 3 Willie Miller
60%
Poland, 4 Zbigniew Boniek
60%
Spain, 5 Andoni ZUBIZARRETA
40%
England, 2(2) Chris Waddle
40%
Brazil, 5 Claudio Ibrahim Vaz Leal "BRANCO"
40%
West Germany, 0(2) Dieter Hoeness
40%
West Germany, 5(1) Ditmar Jakobs
40%
Brazil, 5/1 Edino Nazareth Filho "EDINHO"
40%
Uruguay, 4/1 Enzo Francescoli
40%
Belgium, 1/1 Erwin Vandenbergh
40%
Mexico, 5 Felix Cruz
40%
West Germany, 6 Felix Magath
40%
Italy, 4 Fernando De Napoli
40%
Mexico, 0(4) Francisco Cruz
40%
England, 5 Gary Stevens
40%
England, 0(2) Gary Stevens (II)
40%
Italy, 0(4) Gianluca Vialli
40%
England, 5 Glenn Hoddle
40%
Scotland, 3/1 Gordon Strachan
40%
Soviet Union, 3(1)/4 Igor Belanov
40%
Denmark, 3(1)/3 Jesper Olsen
40%
Spain, 5 Jose Antonio CAMACHO
40%
Argentina, 6 Jose Luis Cuciuffo
40%
Spain, 5/1 JULIO SALINAS
40%
England, 5 Kenny Sansom
40%
West Germany, 7/2 Klaus Allofs
40%
Belgium, 0(2) Leo Clijsters
40%
Brazil, 5 Leovegildo Lins da Gama "JUNIOR"
40%
Mexico, 5/1 Manuel Negrete
40%
Denmark, 4 Morten Olsen
40%
Belgium, 6(1)/3 Nico Claesen
40%
Northern Ireland, 3/1 Norman Whiteside
40%
Argentina, 7/1 Oscar Ruggeri
40%
Northern Ireland, 3 Pat Jennings
40%
England, 3 Peter Reid
40%
Denmark, 4/4 Preben Elkjær
40%
Algeria, 3 Rabah Madjer
40%
England, 2 Ray Wilkins
40%
Argentina, 7 Ricardo Giusti
40%
Brazil, 5 Ricardo Rogerio de Brito "ALEMAO"
40%
Soviet Union, 3 Rinat Dasaev
40%
Denmark, 4/1 Søren Lerby
40%
England, 3(2) Steve Hodge
40%
England, 4 Terry Fenwick
40%
England, 3 Trevor Steven
40%
Poland, 0(1) Wladyslaw Zmuda
40%
Poland, 4/1 Wlodzimierz Smolarek
40%
France, 5(1)/2 Yannick Stopyra
40%
Northern Ireland, 3 Alan McDonald
20%
Mexico, 0(1) Alejandro Dominguez
20%
Soviet Union, 3(1)/1 Aleksandr Zavarov
20%
Scotland, 1 Alex McLeish
20%
Paraguay, 4 Alfredo Mendoza
20%
Denmark, 0(1) Allan Simonsen
20%
England, 1 Alvin Martin
20%
Soviet Union, 3 Anatoliy Demyanenko
20%
Spain, 4/1 Andoni GOIKOETXEA
20%
Poland, 1(1) Andrzej Buncol
20%
Poland, 0(1) Andrzej Zgutczynski
20%
Portugal, 2 ANTONIO dos Santos Ferreira ANDRE
20%
Portugal, 3 ANTONIO Henriques Fonseca de Jesus OLIVEIRA
20%
Spain, 1 Antonio MACEDA
20%
Scotland, 1 Arthur Albiston
20%
Northern Ireland, 1(2) Billy Hamilton
20%
Portugal, 3/1 CARLOS MANUEL Correia dos Santos
20%
Brazil, 5 CARLOS Roberto Gallo
20%
Scotland, 1(1) Charlie Nicholas
20%
South Korea, 2(1) Cho Kwang?rae
20%
South Korea, 1(1) Cho Min?kook
20%
South Korea, 2 Cho Young?jeung
20%
Northern Ireland, 2(1)/1 Colin Clarke
20%
Poland, 4 Dariusz Dziekanowski
20%
Poland, 1 Dariusz Kubicki
20%
Scotland, 2 David Narey
20%
Scotland, 0(2) Davie Cooper
20%
Brazil, 2 EDSON Boaro
20%
Brazil, 5 ELZO Alosio Coelho
20%
Denmark, 3 Frank Arnesen
20%
Scotland, 0(2) Frank McAvennie
20%
Belgium, 5(1) Georges Grün
20%
Northern Ireland, 0(1) Gerry Armstrong
20%
Canada, 2 Gerry Gray
20%
Scotland, 2 Graeme Souness
20%
Argentina, 3(2) Hector Enrique
20%
Denmark, 3 Henrik Andersen
20%
Denmark, 3 Ivan Nielsen
20%
Portugal, 1(1) JAIME Fernandes MAGALHAES
20%
Portugal, 3 JAIME Moreira PACHECO
20%
Poland, 0(1) Jan Furtok
20%
Poland, 1(2) Jan Karas
20%
Poland, 3(1) Jan Urban
20%
Scotland, 3 Jim Leighton
20%
Northern Ireland, 3 John O'Neill
20%
Uruguay, 2(1) Jorge da Silva
20%
Uruguay, 3 Jose Batista
20%
Portugal, 0(1) Jose RUI Lopes AGUAS
20%
Brazil, 3/2 JOSIMAR Higino Pereira
20%
Poland, 4 Jozef Mlynarczyk
20%
Hungary, 2 Jozsef Varga
20%
Spain, 3 JULIO ALBERTO Moreno
20%
Brazil, 5 JULIO CESAR da Silva
20%
Algeria, 2 Karim Maroc
20%
Poland, 1(1) Kazimierz Przybys
20%
England, 0(1) Kerry Dixon
20%
South Korea, 0(2)/1 Kim Jong?boo
20%
South Korea, 3 Kim Joo?sung
20%
South Korea, 1 Kim Pyung?seok
20%
South Korea, 1 Kim Yong?se
20%
Bulgaria, 1(2) Kostadin Kostadinov
20%
Poland, 2 Krzysztof Pawlak
20%
Algeria, 2(1) Lakhtar Belloumi
20%
Denmark, 2 Lars Høgh
20%
Northern Ireland, 3 Mal Donaghy
20%
Poland, 4 Marek Ostrowski
20%
England, 2(1) Mark Hateley
20%
West Germany, 1 Matthias Herget
20%
Uruguay, 4 Nelson Gutierrez
20%
Northern Ireland, 2 Nigel Worthington
20%
Soviet Union, 1 Oleg Protasov
20%
Mexico, 5 Pablo Larios
20%
South Korea, 3/1 Park Chang?sun
20%
South Korea, 3 Park Kyung?hoon
20%
Scotland, 1 Paul McStay
20%
Portugal, 1(2) PAULO Jorge dos Santos FUTRE
20%
Algeria, 1(1) Rachid Harkouk
20%
Spain, 1 Rafael GORDILLO
20%
Belgium, 2 Rene Vandereycken
20%
Spain, 4 Ricardo GALLEGO
20%
Poland, 4 Roman Wojcicki
20%
Poland, 3 Ryszard Komornicki
20%
Poland, 1 Ryszard Tarasiewicz
20%
Northern Ireland, 3 Sammy McIlroy
20%
Hungary, 3 Sandor Sallai
20%
Argentina, 7 Sergio Batista
20%
Denmark, 4 Søren Busk
20%
Poland, 4 Stefan Majewski
20%
Scotland, 1 Steve Archibald
20%
Scotland, 3 Steve Nicol
20%
Spain, 5 TOMAS Renones
20%
Soviet Union, 3/1 Vasiliy Rats
20%
Portugal, 2 VITOR Manuel Afonso DAMAS de Oliveira
20%
Poland, 3 Waldemar Matysik
20%
West Germany, 2 Wolfgang Rolff
20%
Hungary, 1 Zoltan Peter
20%
Algeria, 2 Abdallah Medjadi
0%
Morocco, 0(3) Abdelaziz Soulaimani
0%
Morocco, 4/1 Abdelkrim Merry "KRIMAU"
0%
Morocco, 4 Abdelmajid Dolmy
0%
Morocco, 4 Abdelmajid Lamriss
0%
Morocco, 2(1)/2 Abderrazak Khairi
0%
Iraq, 0(3) Abdul?RAHIM HAMEED Aufi
0%
Paraguay, 4 Adolfino Canete
0%
Iraq, 3/1 AHMED RADHI Amaiesh Al?Salehi
0%
France, 1 Albert Rust
0%
Bulgaria, 2 Aleksandar Markov
0%
Soviet Union, 1 Aleksandr Bubnov
0%
Iraq, 3 ALI HUSSEIN Shihab
0%
Portugal, 3 ALVARO Monteiro Magalhaes
0%
Bulgaria, 1(2) Andrey Zhelyaskov
0%
Hungary, 2(1) Antal Nagy
0%
Hungary, 2(1) Antal Roth
0%
Uruguay, 2(1)/1 Antonio Alzamendi
0%
Portugal, 3 ANTONIO Augusto Gomes de SOUSA
0%
Italy, 3(1) Antonio Di Gennaro
0%
Bulgaria, 4 Anyo Sadkov
0%
Bulgaria, 1 Atanas Pashev
0%
Portugal, 3 Augusto Soares INACIO
0%
Morocco, 4 Aziz Bourdebala
0%
Morocco, 0(1) Azzedine Amanallah
0%
Iraq, 3 BASIL GORGIS Hanna
0%
Iraq, 0(1) BASIM QASIM Hamdan Al?Suwaid
0%
Canada, 3 Bobby Lenarduzzi
0%
Bulgaria, 4 Borislav Mikhaylov
0%
Bulgaria, 0(1) Boycho Velichkov
0%
Bulgaria, 2(1) Bozhidar Iskrenov
0%
Canada, 0(3) Branko Segota
0%
Canada, 3 Bruce Wilson
0%
France, 2(2) Bruno Bellone
0%
Paraguay, 4 Buenaventura Ferreira
0%
South Korea, 2(1) Byun Byung?joo
0%
Mexico, 1(2) Carlos de los Cobos
0%
Mexico, 4 Carlos Munoz
0%
Argentina, 0(2) Carlos Tapia
0%
Canada, 3 Carl Valentine
0%
Paraguay, 4 Cesar Zabala
0%
South Korea, 2/1 Choi Soon?ho
0%
South Korea, 0(1) Chung Jong?soo
0%
South Korea, 3 Chung Yong?hwan
0%
Argentina, 2 Claudio Borghi
0%
Canada, 1 Dale Mitchell
0%
France, 0(1) Daniel Xuereb
0%
Belgium, 5/1 Danny Veyt
0%
Uruguay, 2 Dario Pereyra
0%
Canada, 3 Dave Norman
0%
Northern Ireland, 1 David Campbell
0%
Northern Ireland, 3 David McCreery
0%
Portugal, 2(1)/1 DIAMANTINO Manuel Fernandes Miranda
0%
Algeria, 1(1) Djamel Menad
0%
Algeria, 2(1)/1 Djamel Zidane
0%
Scotland, 1(1) Eamonn Bannon
0%
Uruguay, 4 Eduardo Acevedo
0%
Uruguay, 1 Eliseo Rivero
0%
Spain, 0(3)/1 ELOY Olaya
0%
Algeria, 3 Faouzi Mansouri
0%
Uruguay, 4 Fernando Alvez
0%
Mexico, 5/2 Fernando Quirarte
0%
Algeria, 2 Fodil Megharia
0%
Spain, 3(1) FRANCISCO Lopez
0%
Portugal, 3 FREDERICO Nobre Rosa
0%
Soviet Union, 1 Gennadiy Litovchenko
0%
Soviet Union, 1 Gennadiy Morozov
0%
Canada, 0(1) George Pakos
0%
Bulgaria, 4 Georgi Dimitrov
0%
Bulgaria, 2 Georgi Yordanov
0%
Iraq, 3 GHANIM ORAIBI Jassim Al?Roubai
0%
Italy, 4 Giuseppe Galderisi
0%
Scotland, 1 Graeme Sharp
0%
Hungary, 2(1) György Bognar
0%
Hungary, 1(1) Gyözö Burcsa
0%
Algeria, 2 Halim Benmabrouk
0%
Iraq, 3 HARIS MOHAMMED Hassan
0%
Belgium, 2(1) Hugo Broos
0%
South Korea, 3/1 Huh Jung?moo
0%
Iraq, 1 HUSSEIN SAEED Mohammed Al?Ubaidi
0%
Canada, 3 Ian Bridge
0%
Northern Ireland, 1(2) Ian Stewart
0%
Canada, 2 Igor Vrablic
0%
Hungary, 3 Imre Garaba
0%
Soviet Union, 3/1 Ivan Yaremchuk
0%
Canada, 0(1) Jamie Lowery
0%
Denmark, 1(3) Jan Mølby
0%
Mexico, 5 Javier Aguirre
0%
France, 1(3)/1 Jean?Marc Ferreri
0%
Denmark, 3 Jens Jørn Bertelsen
0%
Northern Ireland, 3 Jimmy Nicholl
0%
Denmark, 0(2)/1 John Eriksen
0%
Denmark, 1(1) John Sivebæk
0%
Uruguay, 3 Jorge Barrios
0%
Paraguay, 1(3) Jorge Guasch
0%
Paraguay, 4 Jorge Nunez
0%
Portugal, 0(1) JOSE ANTONIO Prudencio Conde Bargiela
0%
Uruguay, 0(1) Jose Salazar
0%
Hungary, 3 Jozsef Kardos
0%
Hungary, 2 Jozsef Kiprich
0%
Hungary, 1 Jozsef Szendrei
0%
Spain, 0(4)/1 Juan Antonio SENOR
0%
Paraguay, 4 Juan Torales
0%
Paraguay, 4/2 Julio Cesar Romero
0%
Hungary, 1 Kalman Kovacs
0%
Iraq, 2 KARIM SADDAM Minshid
0%
Morocco, 4 Khalifa Labd
0%
Iraq, 3 KHALIL Mohammed ALLAWI
0%
Denmark, 3 Klaus Berggreen
0%
Morocco, 1(1) Lahcen Ouadani
0%
Hungary, 3/1 Lajos Detari
0%
Algeria, 1(1) Larbi el?Hadi
0%
Hungary, 1(2) Laszlo Dajka
0%
Mexico, 3/1 Luis Flores
0%
Algeria, 3 Mahmoud Guendouz
0%
Portugal, 1 MANUEL Galrinho BENTO
0%
Argentina, 0(1) Marcelo Trobbiani
0%
Uruguay, 1(2) Mario Saralegui
0%
Mexico, 2 Mario Trejo
0%
Hungary, 3/1 Marton Esterhazy
0%
Scotland, 2 Maurice Malpas
0%
France, 1 Michel Bibard
0%
Belgium, 2 Michel De Wolf
0%
Belgium, 5 Michel Renquin
0%
Uruguay, 3 Miguel Angel Bossio
0%
Mexico, 3(2) Miguel Espana
0%
Spain, 1 Miguel Porlan "CHENDO"
0%
Canada, 1(1) Mike Sweeney
0%
Algeria, 3 Mohammed Kaci Said
0%
Morocco, 4 Mohammed Timoumi
0%
Morocco, 3 Mustafa El?Biyaz
0%
Morocco, 4 Mustafa El?Haddaoui
0%
Morocco, 2 Mustafa Merry
0%
Iraq, 3 NADHIM SHAKER Salim
0%
Bulgaria, 3(1)/1 Nasko Sirakov
0%
Algeria, 2 Nasreddine Drid
0%
Iraq, 3 NATIQ HASHIM Abid?Aoun
0%
Argentina, 1 Nestor Clausen
0%
Bulgaria, 3 Nikolay Arabov
0%
Soviet Union, 2 Nikolay Larionov
0%
South Korea, 1 Noh Soo?jin
0%
Algeria, 2 Noureddine Kourichi
0%
Morocco, 4 Nourredine Bouyahiaoui
0%
South Korea, 3 Oh Yun?kyo
0%
Soviet Union, 4 Oleg Kuznetsov
0%
Argentina, 4 Oscar Garre
0%
Belgium, 5 Patrick Vervoort
0%
Canada, 1 Paul Dolan
0%
Canada, 3 Paul James
0%
Brazil, 0(2) Paulo SILAS do Prado Pereira
0%
Scotland, 2 Paul Sturrock
0%
Soviet Union, 3/1 Pavel Yakovenko
0%
Argentina, 2/1 Pedro Pasculli
0%
Bulgaria, 3 Petar Petrov
0%
Hungary, 2 Peter Disztl
0%
Hungary, 1 Peter Hannich
0%
Belgium, 2(1) Philippe Desmet
0%
France, 1(2) Philippe Vercruysse
0%
Italy, 4 Pietro Vierchowod
0%
Bulgaria, 4/1 Plamen Getov
0%
Bulgaria, 1 Plamen Markov
0%
Iraq, 3 RAAD HAMMOUDI Salman al?Dulaimi
0%
Bulgaria, 3(1) Radoslav Zdravkov
0%
Mexico, 3 Rafael Amador
0%
Paraguay, 0(2) Ramon Angel Hicks
0%
Spain, 3(1)/2 Ramon CALDERE
0%
Canada, 3 Randy Ragan
0%
Canada, 3 Randy Samuel
0%
Mexico, 5/1 Raul Servin
0%
Belgium, 1 Raymond Mommens
0%
Argentina, 0(1) Ricardo Bochini
0%
Scotland, 3 Richard Gough
0%
Paraguay, 4/2 Roberto Cabanas
0%
Paraguay, 4 Rogelio Delgado
0%
Scotland, 3 Roy Aitken
0%
Uruguay, 0(1) Ruben Paz
0%
Algeria, 2 Salah Assad
0%
Italy, 4 Salvatore Bagni
0%
Iraq, 3 SAMIR SHAKER Mahmoud
0%
Soviet Union, 4/1 Sergey Aleinikov
0%
Soviet Union, 1(3)/1 Sergey Rodionov
0%
Uruguay, 4 Sergio Santin
0%
Belgium, 6(1)/1 Stephane Demol
0%
Northern Ireland, 2 Steve Penney
0%
Bulgaria, 3 Stoycho Mladenov
0%
Algeria, 0(1) Tedj Bensaoula
0%
France, 2(2) Thierry Tusseau
0%
Canada, 2 Tino Lettieri
0%
Mexico, 5 Tomas Boy
0%
Denmark, 2 Troels Rasmussen
0%
Soviet Union, 1(2) Vadim Yevtushenko
0%
Uruguay, 2(2) Venancio Ramos
0%
Uruguay, 3 Victor Diogo
0%
Spain, 5 VICTOR Munoz
0%
Soviet Union, 1 Viktor Chanov
0%
Soviet Union, 3 Vladimir Bessonov
0%
Brazil, 2(1) Walter CASAGRANDE Junior
0%
France, 4 William Ayache
0%
Uruguay, 2 Wilmar Cabrera
0%
Paraguay, 3 Wladimiro Schettina
0%
France, 1 Yvon Le Roux
0%
Morocco, 4 Zaki Badou
0%
Bulgaria, 3 Zhivko Gospodinov
0%
No matching quizzes found
Score Distribution
Percent of People with Each Score
Percentile by Number Answered
Your Score History
You have not taken this quiz